La medida del hombre: factores humanos en el diseño
Guardat en:
| Autor principal: | |
|---|---|
| Format: | Llibre |
| Idioma: | espanyol |
| Publicat: |
Montevideo
Universidad de la República, Facultad de Arquitectura
1965
|
| Matèries: | |
| Etiquetes: |
Afegir etiqueta
Sense etiquetes, Sigues el primer a etiquetar aquest registre!
|
MARC
| LEADER | 00000nam a2200000 a 4500 | ||
|---|---|---|---|
| 001 | UCV8788 | ||
| 003 | CL-VaPUC | ||
| 008 | 911206e19650000UY |||||||||||||||||spa|d | ||
| 082 | 0 | 4 | |a 620.82 |b DRE |2 21 |
| 100 | 0 | |a Dreyfuss, Henry |e author |9 302802 | |
| 245 | 1 | 3 | |a La medida del hombre: factores humanos en el diseño |
| 300 | |a 50 h | ||
| 942 | |c BK | ||
| 945 | |d 19911206 00:00:00 | ||
| 260 | |a Montevideo |b Universidad de la República, Facultad de Arquitectura |c 1965 | ||
| 650 | 7 | |a INGENIERIA HUMANA |2 CL-VaPUC |9 266820 | |
| 650 | 0 | |a Antropometría |9 266742 | |
| 583 | |a last modification |c 19911206 00:00:00 |k Rodrigo Vera | ||
| 999 | |c 214244 |d 214242 | ||
| 952 | |0 0 |1 0 |4 0 |6 620_820000000000000_DRE_1965 |7 0 |8 F |9 197427 |a BIBARQ |b BIBARQ |d 2019-11-14 |i 2650894 |l 1 |o 620.82 DRE 1965 |p 2650894 |r 2025-01-20 |s 2022-08-23 |w 2019-11-14 |y BK_F |k ARQ | ||